Quizzes
Events
Quiz Creation
Community
Videos
Private Events
Remove Ads
Sign In
Join for FREE
Feedback
Dark Mode
Quiz Categories
Sports
Geography
Music
Movies
Television
Just For Fun
Miscellaneous
History
Literature
Language
Science
Gaming
Entertainment
Religion
Holiday
For Kids
Quiz Lab
Recent
Popular Today
Quiz Kudos Today
Editor Picks
Curator Picks
Quizzes by...
Day
Popularity
Type
Ratings
Length
Year
Community
Subscriptions
Recent Discussions
Orange Saloon
Badges
Playlists
Quests
Create
Leaderboards
Showdown
Live 5
Trivia Bingo
Activity
Puzzle Library
Sporcle Events
Private Events
Virtual Trivia
Globe League
Become a Host
Pub Owners
SporcleCon
Opinionation
Our Games
Videos
Blog
Mobile Apps
Partnerships
Remove Ads and Go Orange
Feedback
History
US Presidents
World Leaders
Politics
Nation
Discovery
War
Decade
Year
Century
Biography
Art
History
US Presidents
World Leaders
Politics
Nation
Discovery
War
Decade
Year
Century
Biography
Art
Random Quiz
Search Sporcle
×
Quiz Lab
Quiz Lab
History
assassination
Type in answers that appear in a list
Type in answers that appear in a list
Classic
Best Score? Go Orange.
Name That Assassin Stats
Can you name the person who killed or tried to kill each public figure?
By
frey78
5m
21 Questions
103 Plays
103 Plays
103 Plays
Comments
Comments
Give Quiz Kudos
Give Quiz Kudos
-
- Ratings
hide this ad
Replay
Link that replays current quiz
Next Quiz
Link to next quiz in quiz playlist
You Got
0%
They Got
Avg Score
60%
Avg Friend Score
Upgrade to see
Score Distribution
Jump to the score distribution portion of the page
Score
0/21
Timer
05:00
0
Plays Today
Target
Assassin
% Correct
Abraham Lincoln
John Wilkes Booth
96.1%
John F. Kennedy
Lee Harvey Oswald
93.2%
Lee Harvey Oswald
Jack Ruby
87.4%
Julius Caesar
Brutus or Cassius
85.4%
Robert F. Kennedy
Sirhan Sirhan
85.3%
Martin Luther King
James Earl Ray or Loyd Jowers
79.6%
John Lennon
Mark David Chapman
78.6%
Alexander Hamilton
Aaron Burr
74.8%
Archduke Franz Ferdinand
Gavrilo Princip
72.8%
Jesse James
Robert Ford
65%
James Garfield
Charles Guiteau
55.3%
Target
Assassin
% Correct
Gerald Ford
Lynette 'Squeaky' Fromme or Sara Jay Moore
54.4%
William McKinley
Leon Czolgosz
51.5%
Mahatma Gandhi
Nathuram Godse
47.6%
Harvey Milk
Dan White
46.6%
Ronald Reagan
John Hinkley, Jr.
45.6%
George Wallace
Arthur Bremer
36.9%
Franklin D. Roosevelt
Giuseppe Zangara
35%
Medgar Evers
Byron de la Beckwith
33%
Gabrielle Giffords
Jared Lee Loughner
29.1%
Richard Nixon
Samuel Byck
28.2%
Quiz Playlist
Details
Report
Send in Message
Add To Playlist
Classic:
Type in answers that appear in a list
Last Updated: Feb 16, 2017
Quiz Scoreboard
CHALLENGE
Sign Up to Join the Scoreboard
Show All
Scores
Hide
Comments
May contain spoilers
Recently Published
Popular People in 1961
by mucciniale
History
6m
1-10 Letter E Words III
by El_Dandy
Language
2m
One Thing in Common: World Cities II
by knightlancer
Geography
7m
More to Explore
Quiz From the Vault
Featured Blog Post
Where Did the Easter Bunny Come From?
hide this ad
You Might Also Like...
Tags
assassin
assassination
crime
Historical Figures
Today's Top Quizzes in History
Browse History
hide this ad
Today's Top Quizzes in assassination
Browse assassination
Top Contributed Quizzes in History
1
Popular People in 1991
2
Popular People in 1981
3
Popular People in 1951
4
Popular People in 1941
5
Popular People in 1986
6
Popular People in 1921
7
Popular People in 1976
8
I Am Born On March 28th
9
Popular People in 1946
10
Popular People in 1936
Explore More
Trending Topics
Harry Potter
Disney
Anime
Crossword
NBA
Marvel
Kpop
NFL
Country
Puzzle
Soccer
Pokémon
Song
The Office
WWE
hide this ad
More By:
frey78
Quiz
Plays
Rating
Category
Featured
Created
Fictional TV towns
283
3.67
Television
Aug 28, 2012
Movies in Other Words
121
3.00
Movies
Jun 26, 2012
Name That Assassin
103
5.00
History
Jun 27, 2012
Name the Songs by the Opening Lyrics
44
4.50
Music
Jul 20, 2012
Up the Military Rank
21
Just For Fun
Sep 11, 2012
Go to Creator's Profile
Score Distribution
Quiz Creator Spotlight
frey78
Follow
Send a Message
Quizzes Created
-
Created Quiz Play Count
-
More By This Creator
Popular Quizzes Today
1
Find the US States - No Outlines Minefield
2
The Countries of the World
3
Find the Countries of Europe - No Outlines Minefield
4
Popular People in 1961
5
1-10 Letter E Words III
6
Find the US States
7
One Thing in Common: World Cities II
8
US States
More History Quizzes
On This Day: November 10th II
Published
Trending Quizzes
Risky Map Clicking: Least Populous States A-Z
1-10 Letter F Words
1-10 Letter G Words
One Thing in Common: United Kingdom
Risky Map Clicking: Next State Alphabetically
Recently Updated
Leaping Animals
pecheneg
Reality TV Shows (A-Z)
bhenderson79
Rickey Henderson's Hall of Fame Teammates
pecheneg
Champions League XIs: Arsenal
pecheneg
Quick Pick: Celebrities in WWE's Hall of Fame
aduchscher
A-Z Keypad Blitz II
pecheneg
Multiple Oscar Actors
pecheneg
Mystery Phrase Blitz: Oscar 'Best Actors'
pecheneg
F. Scott Fitzgerald Novels
LTH
Pick 3 Villains
ddd62291
Trending Topics
Kpop
Marvel
Disney
Crossword
Harry Potter
Anime
NBA
NFL
Country
Pokémon
Song
The Office
WWE
Soccer
Puzzle
Your Account Isn't Verified!
In order to create a playlist on Sporcle, you need to verify the email address you used during registration. Go to your
Sporcle Settings
to finish the process.
Report this User
Report this user for behavior that violates our
Community Guidelines
.
Details:
Send Report
Go to the Sporcle.com Mobile Site →
Comments